00584nam a2200169Ia 4500003000900000008004100009040001600050080002500066100002400091245010700115260004400222300002300266650004100289650002700330650003300357700002400390IN-BaIIA211028s9999 xx 000 0 eng d cIIA Library a083.8:524.3-355bMCA aMcAlister, Harold A 0aCatalogue of interferometric measurements of binary starscWilliam I Hartkopf and Harold A McAlister  aGeorgiabGeorgia State Universityc1984 a[various pagings.] aAstronomy and Astrophysics Thesaurus aCatalogue-Binary Stars aInterferometric measurements aHartkopf, William I